000 00429nam a2200181Ia 4500
005 20240823042946.0
008 240823s9999||||xx |||||||||||||| ||und||
041 _aENGLISH
082 _A658 N3
100 _a"Northcote,Parkinson C"
245 0 _aGreat ideas in Management
250 _a1st
260 _c1993
_b"IBH,Bombay"
500 _aYES
650 _aManagement
_bManagement Studies
942 _cBK
999 _c209087
_d209087